Ethical subjectivity and politics in organizations: A case of health care tendering (Record no. 92850)

000 -LEADER
fixed length control field 00469pab a2200181 454500
008 - FIXED-LENGTH DATA ELEMENTS--GENERAL INFORMATION
fixed length control field 180718b2011 xxu||||| |||| 00| 0 eng d
100 ## - MAIN ENTRY--PERSONAL NAME
Personal name McMurray, Robert
245 ## - TITLE STATEMENT
Title Ethical subjectivity and politics in organizations: A case of health care tendering
260 ## - PUBLICATION, DISTRIBUTION, ETC.
Date of publication, distribution, etc. 2011
300 ## - PHYSICAL DESCRIPTION
Extent p.541-561.
362 ## - DATES OF PUBLICATION AND/OR SEQUENTIAL DESIGNATION
Dates of publication and/or sequential designation Jul
650 ## - SUBJECT ADDED ENTRY--TOPICAL TERM
Topical term or geographic name entry element Health services
700 ## - ADDED ENTRY--PERSONAL NAME
Personal name Rhodes, Carl
700 ## - ADDED ENTRY--PERSONAL NAME
Personal name Pullen, Alison
773 ## - HOST ITEM ENTRY
Main entry heading Organization
908 ## - PUT COMMAND PARAMETER (RLIN)
Put command parameter N
909 ## -
-- 92850
Holdings
Withdrawn status Lost status Damaged status Not for loan Permanent Location Current Location Date acquired Serial Enumeration / chronology Barcode Date last seen Price effective from Koha item type
        Indian Institute of Public Administration Indian Institute of Public Administration 2018-07-19 Volume no: 18, Issue no: 4 AR93310 2018-07-19 2018-07-19 Articles

Powered by Koha